-
Jr. Adam Everetle Ebert J. Ronald
Entry Personal Name
Number of records used in: 1
001 - CONTROL NUMBER
003 - CONTROL NUMBER IDENTIFIER
005 - DATE AND TIME OF LATEST TRANSACTION
- control field:
20160511120601.0
008 - FIXED-LENGTH DATA ELEMENTS
- fixed length control field:
160511|| aca||aabn | a|a d
040 ## - CATALOGING SOURCE
- Original cataloging agency:
OSt
- Transcribing agency:
OSt
100 ## - HEADING--PERSONAL NAME
- Personal name:
Jr. Adam Everetle Ebert J. Ronald
670 ## - SOURCE DATA FOUND
- Source citation:
Work cat.: (OSt): Jr. Adam Everetle Ebert J. Ronald, Production and operation management, 1992